Quizzes
Events
Quiz Creation
Community
Videos
Private Events
Remove Ads
Sign In
Join for FREE
Feedback
Dark Mode
Quiz Categories
Sports
Geography
Music
Movies
Television
Just For Fun
Miscellaneous
History
Literature
Language
Science
Gaming
Entertainment
Religion
Holiday
For Kids
Quiz Lab
Recent
Popular Today
Quiz Kudos Today
Editor Picks
Curator Picks
Quizzes by...
Day
Popularity
Type
Ratings
Length
Year
Community
Subscriptions
Recent Discussions
Orange Saloon
Badges
Playlists
Quests
Create
Leaderboards
Showdown
Live 5
Trivia Bingo
Activity
Puzzle Library
Sporcle Events
Private Events
Virtual Trivia
Globe League
Become a Host
Pub Owners
SporcleCon
Opinionation
Our Games
Videos
Blog
Mobile Apps
Partnerships
Remove Ads and Go Orange
Feedback
Miscellaneous
Crossword
General Knowledge
Baby Names
Logo
Food
Cars
Numbers
Grab Bag
University
College
Popular
Company
Slogans
Restaurants
Justice
Letter
Miscellaneous
Crossword
General Knowledge
Baby Names
Logo
Food
Cars
Numbers
Grab Bag
University
College
Popular
Company
Slogans
Restaurants
Justice
Letter
Random Quiz
Search Sporcle
×
Quiz Lab
Quiz Lab
Miscellaneous
Definition
Type in answers that appear in a list
Type in answers that appear in a list
Classic
Best Score? Go Orange.
The ABCs of the SATs Stats
The ABCs of the SATs
By
getschooled
10m
26 Questions
18 Plays
18 Plays
18 Plays
Comments
Comments
Give Quiz Kudos
Give Quiz Kudos
-
- Ratings
hide this ad
More Info
Forced Order
Answers have to be entered in order
Answers have to be entered in order
Replay
Link that replays current quiz
Next Quiz
Link to next quiz in quiz playlist
You Got
0%
They Got
Avg Score
29%
Avg Friend Score
Upgrade to see
Score Distribution
Jump to the score distribution portion of the page
Score
0/26
Timer
10:00
0
Plays Today
Definition
Word
% Correct
Something that comes from something else
Derivative
66.7%
A published false statement that is damaging to a person's reputation.
Libel
61.1%
A hiding place
Cache
50%
Liking to tell jokes
Jocular
50%
Seeming to be seen everywhere
Ubiquitous
50%
Of long ago or former times
Yore
44.4%
A situation in which no progress seems possible
Impasse
38.9%
An individual who is attracted to foreign peoples, manners, or cultures.
Xenophile
38.9%
Feeling or showing strong and energetic support for a person
Zealous
38.9%
Excessively talkative, esp. on trivial matters
Garrulous
33.3%
Cut short
Truncated
33.3%
Known or understood by only a few people
Arcane
27.8%
Excessively and objectionably sentimental
Mawkish
27.8%
Definition
Word
% Correct
Complaining in an annoyed way
Querulous
27.8%
Acts of lying or cheating or stealing
Knavery
22.2%
Used to describe an annoying person who tries to tell other people what to do in a way that is not wanted or needed
Officious
22.2%
To make the effects of less painful, harmful, or harsh
Palliate
22.2%
A fast speech that someone has often said before and that is usually intended to persuade people to buy something, agree to something, etc.
Spiel
22.2%
To erase or remove completely
Expunge
16.7%
A troublesome or mischievous person
Hellion
16.7%
Evil or immoral
Nefarious
16.7%
Cheerful, pleasant, and appealing
Winsome
16.7%
Lacking initiative or strength of character
Feckless
11.1%
To say or write very harsh and critical things about someone or something
Vilify
11.1%
Lacking in originality
Bromidic
5.6%
To disagree and argue or complain about something
Remonstrate
5.6%
Quiz Playlist
Details
Report
Send in Message
Add To Playlist
More Info:
Get a little practice on your SATs with our ABC SATs. Material taken from The SAT Word Slam.
Classic:
Type in answers that appear in a list
Forced Order:
Answers have to be entered in order
Last Updated: Feb 16, 2017
Quiz Scoreboard
CHALLENGE
Sign Up to Join the Scoreboard
Show All
Scores
Hide
Comments
May contain spoilers
Recently Published
College Basketball Coaching Resumes
by pancakes188
Sports
9m
Billboard Blitz: Fleetwood Mac
by CooCooCachoo
Music
15s
Presidents Visiting Landmarks
by Hejman
History
7m
More to Explore
Quiz From the Vault
Featured Blog Post
Where Did the Easter Bunny Come From?
hide this ad
You Might Also Like...
Tags
Definition Quiz
ABC
SAT
Today's Top Quizzes in Miscellaneous
Browse Miscellaneous
hide this ad
Today's Top Quizzes in Definition
Browse Definition
Top Contributed Quizzes in Miscellaneous
1
5-to-1: Fast Food
2
The JOE quick-fire general knowledge quiz: Day 174
3
The JOE quick-fire general knowledge quiz: Day 173
4
5-to-1: Cocktails
5
The JOE quick-fire general knowledge quiz: Day 172
6
Sunday Crossword: Famous Bodies of Water
7
The JOE quick-fire general knowledge quiz: Day 171
8
One Thing in Common: United Kingdom II
9
Named After an Animal - Odd One Out!
10
The JOE quick-fire quiz: Day 170
Explore More
Trending Topics
Harry Potter
Anime
Marvel
Kpop
Disney
Crossword
NBA
The Office
Puzzle
Country
NFL
Soccer
Song
Pokémon
WWE
hide this ad
More By:
getschooled
Quiz
Plays
Rating
Category
Featured
Created
College Prep Classes
40,075
2.30
Miscellaneous
Aug 10, 2015
Spot The Gender Stereotypes
29,221
1.93
Just For Fun
Nov 14, 2016
The Get Schooled Top 10 Artists of 2016
18,414
2.22
Music
Nov 3, 2016
That's What I'm Saying
17,361
3.00
Language
Sep 7, 2017
SAT or ACT: Which Test is Right for You?
16,450
1.84
Miscellaneous
Oct 4, 2013
Go to Creator's Profile
Score Distribution
Quiz Creator Spotlight
getschooled
Follow
Send a Message
Quizzes Created
-
Created Quiz Play Count
-
More By This Creator
Popular Quizzes Today
1
Find the US States - No Outlines Minefield
2
Find the Countries of Europe - No Outlines Minefield
3
The Countries of the World
4
Find the US States
5
Risky Map Clicking: Biggest States A-Z
6
US States
7
Popular People in 1961
8
Movies - When Are They Set?
More Miscellaneous Quizzes
Italy 10-to-1
Quiz Lab
Trending Quizzes
Risky Map Clicking: Least Populous States A-Z
1-10 Letter G Words
1-10 Letter F Words
Risky Map Clicking: Next State Alphabetically
Click the Washington State Counties! (Map)
Recently Updated
Leaping Animals
pecheneg
Reality TV Shows (A-Z)
bhenderson79
Rickey Henderson's Hall of Fame Teammates
pecheneg
Champions League XIs: Arsenal
pecheneg
Quick Pick: Celebrities in WWE's Hall of Fame
aduchscher
A-Z Keypad Blitz II
pecheneg
Multiple Oscar Actors
pecheneg
Mystery Phrase Blitz: Oscar 'Best Actors'
pecheneg
F. Scott Fitzgerald Novels
LTH
Pick 3 Villains
ddd62291
Trending Topics
Anime
Harry Potter
NBA
Crossword
Disney
Marvel
Kpop
Puzzle
WWE
The Office
Soccer
Pokémon
Song
NFL
Country
Your Account Isn't Verified!
In order to create a playlist on Sporcle, you need to verify the email address you used during registration. Go to your
Sporcle Settings
to finish the process.
Report this User
Report this user for behavior that violates our
Community Guidelines
.
Details:
Send Report
Go to the Sporcle.com Mobile Site →
Comments